Pays où le portugais est la langue officielle - Statistiques

Statistiques générales
  • Ce quiz a été pris 165 fois
  • Le résultat moyen est 6 sur 9
Statistiques - réponses
Pays % Correct
Portugal
99%
Brésil
98%
Angola
77%
Cap-Vert
69%
Mozambique
59%
Guinée-Bissau
52%
Sao Tomé-et-Principe
51%
Guinée équatoriale
43%
Timor oriental
29%
Aucun quiz correspondant
Distribution des résultats
% des personnes avec chaque résultat
Percentile par nombre de réponses
Votre historique - résultats
Vous n’avez pas pris ce quiz